| 000 | 02610cam a22005054a 4500 | ||
|---|---|---|---|
| 001 | 14091728 | ||
| 003 | OSt | ||
| 005 | 20140310182431.0 | ||
| 008 | 050827s2006 paua b 001 0 eng | ||
| 010 | _a 2005025197 | ||
| 015 |
_aGBA575493 _2bnb |
||
| 016 | 7 |
_a101256002 _2DNLM |
|
| 016 | 7 |
_a013287788 _2Uk |
|
| 020 | _a0781770211 | ||
| 035 | _a(OCoLC)ocm61404514 | ||
| 040 |
_aDNLM/DLC _cDLC _dNLM _dBAKER _dC#P _dUKM _dDLC |
||
| 042 | _apcc | ||
| 050 | 0 | 0 |
_aRS 403 _b.M34 2006 |
| 060 | 0 | 0 | _a2005 O-429 |
| 060 | 1 | 0 |
_aQV 744 _bM386 2006 |
| 082 | 0 | 0 | _a615/.19 |
| 100 |
_aAlfred Martin _98610 |
||
| 245 | 0 | 0 |
_aMartin's physical pharmacy and pharmaceutical sciences : _bphysical chemical and biopharmaceutical principles in the pharmaceutical sciences / |
| 246 | 3 | 0 | _aPhysical pharmacy and pharmaceutical sciences |
| 250 |
_a5th ed. / _bPatrick J. Sinko [editor]. |
||
| 260 |
_aPhiladelphia : _bLippincott Williams & Wilkins, _cc2006. |
||
| 300 |
_axiv, 795 p. _bill. ; _c29 cm. |
||
| 500 | _aIncludes 1 errata sheet of contributing authors listing Sinko as editor. | ||
| 500 | _aRev. ed. of: Physical pharmacy / Alfred Martin. 4th ed. 1993. | ||
| 504 | _aIncludes bibliographical references and index. | ||
| 505 | 0 | _aBasic principles -- States of matter -- Thermodynamics -- Determination of the physical properties of molecules -- Equilibrium phenomena -- Nonelectrolytes -- Solutions of electrolytes -- Ionic equilibria -- Electromotive force and oxidation-reduction -- Buffered and isotonic solutions -- Solubility and distribution phenomena -- Complexation and protein binding -- Kinetic phenomena -- Diffusion -- Drug release and dissolution -- Biopharmaceutics -- Chemical kinetics and stability -- Dispersed systems -- Interfacial phenomena -- Colloids -- Coarse dispersions -- Drug delivery -- Micromeritics -- Rheology -- Biomaterials -- Drug delivery systems. | |
| 541 | _j1 | ||
| 562 | _e1 | ||
| 650 | 0 |
_aPharmaceutical chemistry. _97643 |
|
| 650 | 0 |
_aChemistry, Physical and theoretical. _98242 |
|
| 650 | 1 | 2 |
_aChemistry, Pharmaceutical. _97297 |
| 650 | 1 | 2 |
_aChemistry, Physical. _98350 |
| 700 | 1 |
_aSinko, Patrick J. _98498 |
|
| 700 | 1 |
_aMartin, Alfred N. _tPhysical pharmacy. _98611 |
|
| 856 | 4 | 1 |
_3Table of contents _uhttp://www.loc.gov/catdir/toc/ecip0518/2005025197.html |
| 856 | 4 | 2 |
_3Publisher description _uhttp://www.loc.gov/catdir/enhancements/fy0712/2005025197-d.html |
| 906 |
_a7 _bcbc _corignew _d1 _eecip _f20 _gy-gencatlg |
||
| 942 |
_2lcc _cSSLC |
||
| 999 |
_c13359 _d13359 |
||